Essentials of Inventory Management / (Record no. 11237)

000 -Đầu biểu
00958cam a2200277 i 4500
001 - Mã điều khiển
Trường điều khiển 20735139
005 - Thời gian tạo/Chỉnh sửa
20250924111759.0
008 - Cấu thành dữ liệu có độ dài cố định -- Thông tin chung
181107s2019 enka b 001 0 eng
020 ## - Chỉ số ISBN
Số ISBN 9781400212378
Giá bìa 2.268.000 đ
041 ## - Mã ngôn ngữ
Mã ngôn ngữ chính văn eng
082 ## - Chỉ số phân loại DDC
Ký hiệu phân loại 658
Chỉ số cutter MUL
100 ## - Tiêu đề chính - Tên cá nhân
Tên cá nhân Muller, Max
245 10 - Nhan đề và thông tin trách nhiệm
Nhan đề Essentials of Inventory Management /
Thông tin trách nhiệm Max Muller
250 ## - Lần xuất bản
Thông tin lần xuất bản 3rd
260 ## - Địa chỉ xuất bản
Nơi xuất bản U.S.A :
Nhà xuất bản HarperCollins Leadership
Năm xuất bản, phát hành 2019
300 ## - Mô tả vật lý
Số trang 368 pages :
Khổ cỡ 23.5 cm.
500 ## - Phụ chú chung
Ghi chú chung Sách gốc (TVB.1/02659)
650 ## - Từ khóa kiểm soát
Từ khóa kiểm soát Management
650 ## - Từ khóa kiểm soát
Từ khóa kiểm soát Inventory Management
653 ## - Từ khóa tự do
Từ khóa tự do Quản trị hàng tổn kho
653 ## - Từ khóa tự do
Từ khóa tự do Quản trị
856 ## - Địa chỉ điện tử
Địa chỉ điện tử <a href="https://bookworm.vnu.edu.vn/EDetail.aspx?id=185001&f=nhande&v=Essentials+of+Inventory+Management+">https://bookworm.vnu.edu.vn/EDetail.aspx?id=185001&f=nhande&v=Essentials+of+Inventory+Management+</a>
911 ## - Thông tin người biên mục
Người nhập H.Quyên
919 ## - Chương trình đào tạo
Chương trình đào tạo Chương trình ISEL
Loại tài liệu Giáo trình chương trình ISEL
Mã học phần INS3230
Tên học phần Quản lý vật tư và hàng tồn kho
-- Inventory and Material Management
942 ## - Dạng tài liệu (KOHA)
Nguồn phân loại
Kiểu tài liệu Giáo trình
Holdings
Dừng lưu thông Mất tài liệu Nguồn phân loại Hư hỏng tài liệu Không cho mượn Thư viện sở hữu Thư viện hiện tại Kho tài liệu Ngày bổ sung Đăng ký cá biệt Cập nhật lần cuối Ngày áp dụng giá thay thế Kiểu tài liệu
N/A N/A   N/A N/A Thư viện Trường Quốc tế - Cơ sở Trịnh Văn Bô Thư viện Trường Quốc tế - Cơ sở Trịnh Văn Bô Kho giáo trình 08/08/2025 TVB.1/02659 31/10/2025 08/08/2025 Giáo trình